000 01070nam a2200289 i 4500
003 EG-GICUC
005 20260506091726.0
008 260129s1987 sz ||||fr|||| 00| 0 fre d
040 _aEG-GiCUC
_bfre
_cEG-GiCUC
_dEG-GiCUC
_eRda
041 _afre
082 0 4 _221
_a341.511
_bBU . J
092 0 4 _221
099 _aLaw1 11 341.511 BU . J 1987
110 _aBureau international du Travail
245 0 0 _aJugements du Tribunal administratif de l'Organisation internationale du Travail.
_brendus lors de la 62ª session ordinaire (mai-juin 1987) /
_cBureau international du Travail.
264 0 _aGenève :
_bBureau international du Travail,
_c1987.
300 _aNumérotation multiple page ;
_c 24 cm.
336 _2rda contenu
_a texte
337 _2rda medias
_aOrdinateur
338 _2 transporteur rda
_a Ressource en ligne
546 _aTexte en français
650 1 _aDroit international public
650 1 _aJugements du Tribunal
856 4 0 _uhttps://fll.law.cu.edu.eg/fulltext/bks/B11-05647.pdf
905 _aEsraa Hossam
942 _2ddc
_cBK
_e21
_n0
999 _c60054
_d60054